Evénements du 16 octobre - Statistiques

Statistiques générales
  • Ce quiz a été pris 29 fois
  • Le résultat moyen est 10 sur 15
Statistiques - réponses
Hint Réponse % Correct
Exécution de la reine Marie-Antoinette 1793
100%
François 1er entre dans Milan 1515
91%
Napoléon 1er débarque à Sainte-Hélène 1815
91%
Assassinat de Samuel Paty 2020
91%
Election du pape Jean Paul II 1978
73%
Mort de Grégory Villemin 1984
73%
Excommunication du roi Philippe 1er de France 1094
68%
1ère parution de Nana de Zola dans Le Voltaire 1879
68%
La Chine fait exploser sa 1ère bombe atomique 1964
64%
Découverte d'Alpha Centauri Bb 2012
64%
Création de la Walt Disney Company 1923
59%
Fondation du sanctuaire du Mont Saint-Michel 708
59%
Naissance de l'humoriste Jacques Legras 1924
50%
Incendie du parlement britannique 1834
41%
Naissance du philosophe Louis Althusser 1918
41%
Aucun quiz correspondant
Distribution des résultats
% des personnes avec chaque résultat
Percentile par nombre de réponses
Votre historique - résultats
Vous n’avez pas pris ce quiz